000 01446nam a22003737a 4500
003 CHAP
005 20220817044456.0
008 110826s2011 mx a r 00010 spa d
010 _a101939
011 _a102911
020 _a9786071201805
035 _a113600
040 _cCHAP
082 1 0 _a338.13
_bEv13
245 0 0 _aEvaluación financiera de agronegocios
_c/por José Ruiz Torres ...[et al.]
260 _aBermejillo, Dgo. :
_bUACH. Unidad Regional Universitaria de Zonas Áridas,
_c2011
300 _a134 p. :
_bilus., cuadros
590 _aBATCH-UPD
_b10
_c20130110
_lUCH01
_h0936
590 _aBATCH-UPD
_b10
_c20130410
_lUCH01
_h0554
590 _aBATCH-UPD
_b10
_c20130914
_lUCH01
_h1304
590 _aCONVERSION
_b10
_c20130109
_lUCH01
_h1356
650 1 4 _aAgricultura
_xAspectos económicos.
650 1 4 _aEmpresas agropecuarias.
_936649
650 1 4 _aFinanzas
_xEvaluación.
_940940
650 1 4 _aIndustrias agrícolas.
_957925
700 0 _aRuiz Torres, José.
_9100794
901 _aBK
942 _cLIBRO
949 _a338.13 Ev13
_bBC
_cLIBRO
_d33724002302842
_eLIBRO
_h115669
_i113600
_sb
949 _a338.13 Ev13
_bBC
_cLIBRO
_d33724002303553
_eLIBRO
_fc.4
_h115769
_i113600
_sb
949 _a338.13 Ev13
_bBC
_cLIBRO
_d33724002303595
_eLIBRO
_fc.3
_h115768
_i113600
_sb
949 _a338.13 Ev13
_bBC
_cLIBRO
_d33724002303637
_eLIBRO
_fc.2
_h115767
_i113600
_sb
949 _a338.13 Ev13
_bBC
_cLIBRO
_d33724002303678
_eLIBRO
_fc.5
_h115770
_i113600
_sb
999 _c101939
_d101939